00384nam a2200145Ia 4500008004100000040001300041100001100054100002300065245006800088260001400156260001000170260000900180300000700189700004200196180424s9999 xx 000 0 und d aPK-NaQUE a09ME40 aAnees Abbas Larik  0aCombustion Characteristics of Lakhra Coal Using CWS Techniques  aNawabshah bQUEST c2009 a69 aDepartment of Mechanical Engineering